00289nam a2200121Ia 4500008004100000041001200041082001600053100001500069245003400084260002500118300000800143650001600151221030s9999 xx 000 0 und d aEnglish a105.23bHal aD. V. Hall 0aMicroprocessors & Interfacing bTMHaNew Delhic1998 a554 aBE Computer